00621nam a2200181 i 4500001000300000245011000003260003300113300002800146504002800174650003000202700002000232020001500252040000800267041000800275080001700283008004100300856009800341bg00aVademecum produktywności :bpraca zbiorowa /cpod red. Stanisława Lisa ; [aut. Stanisław Lis et al.]. aWarszawa :b"Placet",c1999. a176 s. :bil. ;c21 cm. aBibliogr. przy pracach. 9aProduktywność (ekon.)1 aLIS, Stanisław a8285428429 cBPK0 apol a658.1/.5.011 s pl f |000 0 pol  uhttp://koha.tu.koszalin.pl/cgi-bin/koha/opac-detail.pl?biblionumber=45202yKatalog online BPK